Statistics for Busiest Airports in Europe

Click here to take the quiz!

General Stats

  • This quiz has been taken 211 times
  • The average score is 63 of 100

Answer Stats

PassengersAirport% Correct
80.9MLondon-Heathrow
100%
46.6MLondon-Gatwick
98%
18.2MLondon-Luton
97%
28.1MLondon-Stansted
97%
76.2MParis-de Gaulle
97%
31.9MParis-Orly
97%
28.3MMoscow-Domodedovo
96%
49.4MMoscow-Sheremetyevo
96%
24.0MMoscow-Vnukovo
96%
71.7MAmsterdam
95%
5.1MLondon-City
95%
43.5MRome-Fiumicino
95%
61.7MMadrid
94%
5.9MRome-Ciampino
94%
52.7MBarcelona
93%
13.9MMilan-Bergamo
93%
6.6MMilan-Linate
93%
28.8MMilan-Malpensa
93%
28.6MOslo-Gardermoen
91%
70.6MFrankfurt
90%
25.6MStockholm-Arlanda
90%
26.4MBrussels
88%
30.3MCopenhagen
87%
32.9MDublin
87%
29.4MManchester
87%
47.9MMunich
87%
11.4MBerlin-Schoenefeld
86%
24.2MBerlin-Tegel
86%
8.2MBrussels-Charleroi
86%
31.7MVienna
86%
18.9MWarsaw
86%
25.6MAthens
83%
21.9MHelsinki
83%
16.2MBudapest
82%
10.9MNaples
82%
19.6MSt. Petersburg
82%
14.7MEdinburgh
81%
52.6MIstanbul
81%
16.1MIstanbul-Ataturk
81%
31.2MLisbon
80%
31.5MZurich
80%
12.6MBirmingham
78%
8.4MGlasgow
78%
17.3MHamburg
78%
14.7MBucharest
76%
15.3MKiev-Boryspil
76%
10.2MMarseille
76%
11.7MLyon
75%
17.8MPrague
73%
14.5MNice
69%
11.6MVenice
69%
25.5MDusseldorf
67%
17.9MGeneva
67%
12.4MCologne/Bonn
64%
8.5MValencia
63%
8.4MKrakow
61%
29.7MPalma de Mallorca
61%
13.1MPorto
61%
7.0MPalermo
60%
7.1MSofia
60%
12.7MStuttgart
60%
5.0MLiverpool
58%
19.9MMalaga
55%
7.9MRiga
54%
7.5MSeville
52%
6.3MBelfast
51%
6.2MBelgrade
51%
7.7MBordeaux
47%
9.6MToulouse
46%
6.7MGothenburg
44%
5.9MBilbao
43%
15.0MAlicante
41%
9.1MBasel/Mulhouse/Frieburg
41%
5.1MMinsk
41%
5.2MNewcastle
39%
5.0MVilnius
38%
7.2MReykjavik-Keflavik
37%
6.9MThessaloniki
37%
5.4MGdansk
36%
6.3MHannover
35%
8.2MIbiza
33%
7.2MNantes
33%
6.5MBergen
32%
9.0MBristol
30%
10.2MCatania
30%
9.4MBologna
29%
5.5MBari
25%
4.8MKatowice
25%
4.4MLuxembourg
25%
9.0MFaro
24%
7.8MHeraklion
22%
4.7MCagliari
20%
6.8MEindhoven
20%
7.3MMalta
20%
5.4MPisa
20%
4.4MTrondheim
16%
5.5MRhodes
14%
4.7MDerby/Leicester/Nottingham
12%
4.6MKrasnodar
10%
5.1MSimferopol
3%

Score Distribution

Percentile by Number Answered

Percent of People with Each Score

Your Score History

You have not taken this quiz